000 00448nam a2200145 a 4500
001 000040966
005 20201002034519.0
008 130912s1973 es 000 0 spa d
040 _aDO-SdBNP
_bspa
_cBNPHU
082 _axxx
_bxxx
100 1 _aViera Altamirano, N.
_967396
245 1 3 _aUn voto razonado en la sociedad interamericana de prensa. /
_cN. Viera Altamirano.
260 _aSan Salvador :
_bDiario de Hoy,
_c1973.
300 _a8 p. ;
_c22 cm.
999 _c40456
_d40456